Statystyki dla Odgadnij postać z LoL'a na podstawie nazwy ultimate'a

Kliknij tutaj aby rozwiązać quiz!

Ogólne statystyki

  • Ten quiz został rozwiązany 2 247 razy
  • Średni wynik to 9 z 20

Statystyki odpowiedzi

Nazwa Ultimate'aPostać% Poprawnych
Uczta (Feast)Cho'Gath
83%
RagnarokOlaf
76%
Śmierć z Głębin (Death from Below)Pyke
66%
Trująca Pułapka (Noxious Trap)Teemo
61%
Hop, do Góry! (Let's Bounce!)Zac
60%
Rozkaz: Fala Uderzeniowa (Command: Shockwave)Orianna
54%
Hemoplaga (Hemoplague)Vladimir
53%
Przejęcie (Hijack)Sylas
52%
Rekwiem (Requiem)Karthus
49%
Ostrze Wygnańca (Blade of the Exile)Riven
45%
Pożarcie (Devour)Tahm Kench
42%
Ostatnie Tchnienie (Last Breath)Yasuo
38%
Kajdany Duszy (Soul Shackles)Morgana
33%
Wymiar Śmierci (Realm of Death)Mordekaiser
28%
Niepowstrzymana Rzeź (Unstoppable Onslaught)Sion
27%
Chluba Wysp (Eulogy of the Isles)Yorick
25%
Niszczący Strzał (Buster Shot)Tristana
22%
Tornado Śmierci (Whirling Death)Draven
19%
Strach ponad Śmierć (Fear Beyond Death)Urgot
19%
Nieśmiertelny (Highlander)Master Yi
18%

Rozkład punktacji

Percentyl według liczby udzielonych odpowiedzi

Procent ludzi z każdym wynikiem

Twoja historia wyników

Nie rozwiązałeś tego quizu